| 000 | 00000nam##2200000za#4500 |
| 001 | 9.700388 |
| 003 | CaOODSP |
| 005 | 20250506145324 |
| 007 | cr ||||||||||| |
| 008 | 150407|1975||||xxc|||||o f|0| 0 eng|d |
| 040 | |aCaOODSP|beng |
| 043 | |an-cn--- |
| 086 | 1 |aA53-1384/1975E-PDF |
| 110 | 1 |aCanada.|bAgriculture Canada. |
| 245 | 10|aShelterbelts for the Peace River Region / |h[electronic resource]|c[by] Robert E. Harris. |
| 250 | |aPrinted 1969, rev. 1975 |
| 260 | |aOttawa - Ontario : |bAgriculture Canada |c1975. |
| 300 | |a24p.|billus., references |
| 500 | |aHistorical publication digitized by Agriculture and Agri-Food Canada. |
| 590 | |a15-03-Supp|b2015-03-13 |
| 690 | 07|aPlant diseases|2gcpds |
| 720 | 1 |aHarris, Robert E. |
| 775 | 08|tPlantations brise-vent pour la région de la Rivière de la Paix / |w(CaOODSP)9.644283 |
| 856 | 40|ahttp://publications.gc.ca|qPDF|s2062 KB|uhttps://publications.gc.ca/collections/collection_2015/aac-aafc/A53-1384-1975-eng.pdf |
| 986 | |aPublication 1384 |